El piscator mediano de la Cantabria Baxa, kalendario (Record no. 177420)

MARC details
000 -LEADER
campo de control de longitud fija 00843nam a2200217 i 4500
001 - NÚMERO DE CONTROL
campo de control 177420
003 - IDENTIFICADOR DE NÚMERO DE CONTROL
campo de control ES-MaACL
005 - FECHA Y HORA DE LA ÚLTIMA TRANSACCIÓN
campo de control 20240213203047.0
008 - DATOS DE LONGITUD FIJA--INFORMACIÓN GENERAL
campo de control de longitud fija 110322s2010 sp |||| | spa d
080 ## - NÚMERO DE LA CLASIFICACIÓN DECIMAL UNIVERSAL
Número de la Clasificación Decimal Universal (460.13)(059)"17"
245 03 - MENCIÓN DEL TÍTULO
Título El piscator mediano de la Cantabria Baxa, kalendario
Resto del título : cierto pronóstico dudoso para el año de 1765 /
Mención de responsabilidad, etc. su autor, el Doctor Martínez, con las licencias necessarias.
250 ## - MENCION DE EDICION
Mención de edición Ed. facs.
260 ## - PUBLICACIÓN, DISTRIBUCIÓN, ETC.
Lugar de publicación, distribución, etc. [Santander :
Nombre del editor, distribuidor, etc. Biblioteca de Menéndez Pelayo,
Fecha de publicación, distribución, etc. 2010]
300 ## - DESCRIPCIÓN FÍSICA
Extensión 43 p. ;
Dimensiones 14 cm.
534 ## - NOTA SOBRE LA VERSIÓN ORIGINAL
Frase introductoria Reproducción de la ed. de:
Publicación, distribución, etc. del original Madrid : en la Imprenta de Andrés Ramírez, 1764.
651 #4 - PUNTO DE ACCESO ADICIONAL DE MATERIA--NOMBRE GEOGRÁFICO
Nombre geográfico Cantabria (Comunidad Autónoma)-
Subdivisión general Descripción.
9 (RLIN) 153444
655 #7 - TERMINO DE INDIZACIÓN--GENERO/FORMA
Fuente del término tgfbne
9 (RLIN) 226495
Datos o término principal de género/forma Facsímiles
852 ## - LOCALIZACIÓN
Ubicación ES-MaACL
Número de control de estantería 2305-F-1
942 ## - ELEMENTOS DE ENTRADA SECUNDARIOS (KOHA)
Fuente del sistema de clasificación o colocación Clasificación decimal universal
Holdings
Estatus retirado Estado de pérdida Estado de daño No para préstamo Colección Biblioteca de origen Biblioteca actual Ubicación en estantería Fecha de adquisición Fuente de adquisición Total de préstamos Signatura topográfica completa Código de barras Visto por última vez Precio de reemplazo Tipo de ítem Koha
        Colección de folletos Biblioteca del Ateneo de Madrid Biblioteca del Ateneo de Madrid Depósito folletos 22/03/2011     2305-F-1 1186344 23/02/2023 23/02/2023 Folleto